000 00522na a2200193 4500
001 23141
003 MIRAKIL
005 20181213154909.0
008 170721b tu 000 0
040 _aMilas
_btur
_cTR-AnCHP
041 _atur
082 _a342.03
_bB55 2015
090 _a342.03 B55 2015
245 _a1995 yılı Anayasa değişim tutanakları
260 _aİstanbul
_b[yayl.y.]
_c2015
_fsena ofset
300 _a318 s.
_c23 sm.
650 _aAnayasa
_xTürkiye
_yDeğişiklikler, 1995
942 _2ddc
_cBKS
999 _c2780
_d2780